Excellence in Business Communication. (Record no. 3042)
[ view plain ]
| 005 - DATE AND TIME OF LATEST TRANSACTION | |
|---|---|
| control field | 20250602155139.0 |
| 020 ## - INTERNATIONAL STANDARD BOOK NUMBER | |
| International Standard Book Number | 1-292-15665-1 |
| 082 ## - DEWEY DECIMAL CLASSIFICATION NUMBER | |
| Classification number | 658.45 THI |
| 100 ## - MAIN ENTRY--PERSONAL NAME | |
| Author name | THILL, J. V. |
| 245 ## - TITLE STATEMENT | |
| Title | Excellence in Business Communication. |
| 250 ## - EDITION STATEMENT | |
| Edition statement | 12th Ed. |
| 260 ## - PUBLICATION, DISTRIBUTION, ETC. | |
| Place of publication, distribution, etc. | New York, |
| Name of publisher, distributor, etc. | Pearson Education LTD, |
| Date of publication, distribution, etc. | 2017. |
| 300 ## - PHYSICAL DESCRIPTION | |
| Extent | 671p.: ill.; figure, picture, table |
| Other physical details | Index |
| Dimensions | 28cm |
| 700 ## - ADDED ENTRY--PERSONAL NAME | |
| Other authors/Editors | BOVEE, C. L. |
| 942 ## - ADDED ENTRY ELEMENTS (KOHA) | |
| Source of classification or shelving scheme | Dewey Decimal Classification |
| Koha item type | Books |
| Date last seen | Total checkouts | Full call number | Barcode | Cost, replacement price | Price effective from | Koha item type | Lost status | Source of classification or shelving scheme | Damaged status | Not for loan | Withdrawn status | Home library | Current library | Shelving location | Date acquired | Cost, normal purchase price |
|---|---|---|---|---|---|---|---|---|---|---|---|---|---|---|---|---|
| 06/02/2025 | 658.45 THI | 00000010660 | 174000.00 | 06/02/2025 | Books | Dewey Decimal Classification | College of Business Education Main Library | College of Business Education Main Library | Special Reserve Collection | 04/06/2018 | 58000.00 |
